Normal view
MARC view
- جامعة الحسين بن طلال
Entry Personal Name
001 - CONTROL NUMBER
- control field: 58359
003 - CONTROL NUMBER IDENTIFIER
- control field: JO-AjAnu
005 - DATE AND TIME OF LATEST TRANSACTION
- control field: 20230606083542.0
008 - FIXED-LENGTH DATA ELEMENTS
- fixed length control field: 230606|| aca||aabn | a|a d
040 ## - CATALOGING SOURCE
- Original cataloging agency: JO-AjAnu
- Transcribing agency: JO-AjAnu
100 ## - HEADING--PERSONAL NAME
- Personal name: جامعة الحسين بن طلال
670 ## - SOURCE DATA FOUND
- Source citation: Work cat.: (JO-AjAnu)29771: جامعة الحسين بن طلال, author, جامعة الحسين بن طلال: الكتاب السنوي 2017-2018